Leksykon MBA
Uložené v:
| Ďalší autori: | , |
|---|---|
| Médium: | Kniha |
| Jazyk: | Polish |
| Vydavateľské údaje: |
Warszawa
Wydawnictwo Studio EMKA
1997
|
| Edícia: | <The> Economist books
|
| Predmet: | |
| Tagy: |
Žiadne tagy, Buďte prvý, kto otaguje tento záznam!
|
MARC
| LEADER | 00000nam a2200000 4500 | ||
|---|---|---|---|
| 001 | c117813 | ||
| 005 | 20221124073620.2 | ||
| 020 | |a 83-85881-98-0 | ||
| 041 | 0 | |a pol | |
| 044 | |a PL | ||
| 245 | 1 | 0 | |a Leksykon MBA |c [pzreklad: Aldona Matuszynscy, Witold Matuszynscy] |
| 264 | 1 | |a Warszawa |b Wydawnictwo Studio EMKA |c 1997 | |
| 300 | |a 338 s. | ||
| 490 | 1 | |a <The> Economist books | |
| 830 | 0 | |a <The> Economist books | |
| 610 | 2 | 0 | |a ekonómia |
| 610 | 2 | 0 | |a veda ekonomická |
| 610 | 2 | 0 | |a riadenie |
| 610 | 2 | 0 | |a informácie obchodno-ekonomické |
| 610 | 2 | 0 | |a firmy |
| 610 | 2 | 0 | |a podnik |
| 610 | 2 | 0 | |a školy |
| 610 | 2 | 0 | |a obchod |
| 700 | 1 | |a Matuszynscy, Aldona | |
| 700 | 1 | |a Matuszynscy, Witold | |